Български народни шевици (Запис номер 212146)
[ съкратено ]
| 000 -Лидер | |
|---|---|
| Контролно поле с фиксирана дължина | 01863nkm a2200409 a 4500 |
| 003 - Код на организацията, давaща контролен номер | |
| Контролно поле | BLK |
| 005 - Дата и час на последна редакция | |
| Контролно поле | 20240514141756.0 |
| 008 - Елементи от данни с фиксирана дължина | |
| fixed length control field | 180413b bul rap|r|||| r0| ||bulo| |
| 010 ## - Наследен системен номер | |
| LC control number | KNG00208173000 |
| 020 ## - Международен стандартен номер на книга ISBN | |
| Международен стандартен номер на книга ISBN | 978-619-7206-27-2 |
| Поясняваща информация | на том(ч. 2) |
| 040 ## - Източник на каталожния запис | |
| Идентификатор на билиотеката - собственик на записа | BLK |
| 041 ## - Код за език | |
| Код за езика на текст/звукозапис или на отделно заглавие | Български |
| -- | Английски |
| Код за езика КДБФ | Български |
| 072 #7 - Код за тематичната категория | |
| Код организация | bullib |
| Код за тематична категория | Н70 |
| Текст | Изкуства Н |
| 080 ## - УДК | |
| Текстов определител УДК | Бродиране - Гоблени, бяла и цветна бродерия, апликации и др. |
| УДК код - определител по УДК | 746.3 |
| УДК определител | (497.2)(084) |
| УДК - код + определител | 746.3(497.2)(084) |
| 100 1# - Редна дума - Автор | |
| Автор | Тодорова, Елена Николова |
| Авторска отговорност | първи автор |
| R(LIN) | 352972 |
| 139 ## - Редно поле | |
| Редна дума | Тодорова, Елена Николова |
| Авторски знак | Тодо - Т 64 |
| 245 10 - Сведения за заглавието | |
| Заглавие | Български народни шевици |
| Подзаглавни данни | Ч. 1 - |
| Редно поле (дума) | Елена Николова Тодорова. |
| Том | Ч. 2 |
| 246 11 - Различни форми на заглавието | |
| Паралелно заглавие | Bulgarian national embroidery |
| 257 ## - Страна на издаване | |
| Страна на създаване/издаване | България |
| 260 ## - Област на издателските данни | |
| Име на издателя, разпространителя и проч. | ЕКОБЕЛАН |
| Година на издаване | 2016 - |
| Място на издаване, разпространение и проч. | Асеновград |
| 300 ## - Физическа характеристика | |
| Размери/Мащаб | 22Х30 см |
| 380 ## - Жанр | |
| Жанр | Изкуство |
| 650 #4 - Допълнително описание по предмет – тема | |
| Основно описание – тема или топоним | Шевици, български |
| 9 (RLIN) | 177812 |
| 653 ## - Ключова дума – ненормативна | |
| Ключова дума | албуми |
| 659 ## - Тематичен бюлетин | |
| Тематичен бюлетин | Н |
| 720 ## - Неконтролирано име | |
| Паралелен автор | Elena Todorova |
| Ключова дума за отношение (Описва отношението между автора и произведението) | паралелен автор |
| 760 1# - Описание на основната серия | |
| Редна дума на основното описание | Тодорова, Елена Николова |
| Място на издаване, издател и година | 2016 |
| Страници - том | 1 албум (104 с.) : с цв. ил. |
| Забележка - том | Имената на прев. отбелязани на гърба на загл. с. - На загл. с. погрешно отпеч. изд. Георги В. Марков. - Българска шевица / Аксиния Бутева: с. 5-7. - Парал. текст на англ. |
| Заглавие | Ч. 2 |
| 852 ## - Местоположение | |
| Форматна сигнатура | Цб 303017 |
| 856 4# - Електронен адрес и достъп | |
| Електронен формат | pdf - файл |
| Път до файла /url/ | |
| 856 4# - Електронен адрес и достъп | |
| Електронен формат | pdf - файл |
| Път до файла /url/ | |
| 999 ## - СИСТЕМНИ КОНТРОЛНИ НОМЕРА | |
| Koha biblionumber | 212146 |
| Koha biblioitemnumber | 212146 |
| 942 ## - АРТИКУЛИ | |
| Вид на библиотечния материал | Графични издания |
| Скрит в OPAC | Не |
| Koha issues (borrowed), all copies | 20 |
| Периодичен библиозапис | Да |
| 944 ## - СЪЗДАВАНЕ И РЕДАКЦИЯ на ЗАПИСА | |
| Създаване/Редакция | Създаване |
| Дата на регистрацията/редакция | 16.06.2017 |
| Служител, извършил регистрацията/редакцията | 30532 |
| Статус, дата на статуса | Мира Стойчева |
| 944 ## - СЪЗДАВАНЕ И РЕДАКЦИЯ на ЗАПИСА | |
| Създаване/Редакция | Редакция |
| Дата на регистрацията/редакция | 28.03.2018 |
| Служител, извършил регистрацията/редакцията | Виолета_Тройчева |
| 999 ## - СИСТЕМНИ КОНТРОЛНИ НОМЕРА | |
| Koha biblioitemnumber | 212146 |
| 999 ## - СИСТЕМНИ КОНТРОЛНИ НОМЕРА | |
| Koha biblioitemnumber | 212146 |
| 999 ## - СИСТЕМНИ КОНТРОЛНИ НОМЕРА | |
| Koha biblioitemnumber | 212146 |
| Код за отписване | Код за изгубен артикул | Източник на класификационната схема | Код за повреда | Коз за рестрикции | Код за отдаване | Артикулен № | Име на библиотеката - собственик | Име на библиотеката, в която се намира в момента | Статус (Текущо местоположение) | Дата на вписване в системата | Местоположение - отдел | Цена в лева | Инвентарен номер | Систематично азбучна сигнатура | Баркод | Номер на екземпляра | Цена в евро | Служебна бележка | Служебен тип на артикула |
|---|---|---|---|---|---|---|---|---|---|---|---|---|---|---|---|---|---|---|---|
| Не е изгубен | Universal Decimal Classification | Не е повреден | само за читалня | ползва се в читалня | 364127 | Регионална библиотека "Любен Каравелов" Русе | Регионална библиотека "Любен Каравелов" Русе | Хранилище | 2017-06-19 | Хранилище | 30.00 | 120000812485 | Цб 303017 | 120000812485 | 1 | 15.34 | Дост: Dp Вид: Д N: 21 Дата: 25.04.2017 | Графични издания | |
| Не е изгубен | Universal Decimal Classification | Не е повреден | без рестрикции | заемане за дома | 730816 | Регионална библиотека "Любен Каравелов" Русе | Регионална библиотека "Любен Каравелов" Русе | Отдел Изкуство - подръчен фонд | 2019-07-17 | Отдел Изкуство - подръчен фонд | 14.00 | 746/Т 64 | 120000834408 | 7.16 | Графични издания |